000 00877nam a22002175i 4500
001 155837
003 ES-MaACL
005 20250820150540.0
008 940202s1884 sp |||| | spa d
040 _aAR
_bspa
100 1 _aIbarra, Francisco de.
_9128133
245 1 0 _aGuerras del Palatinado y de los Estados Bajos /
_cpor Francisco de Ibarra y Carlos Coloma.
260 _aBarcelona :
_b[s.n.],
_c1884 (
_fImp. de la V. e H. de J. Subirana)
300 _a2 v. ;
_c19 cm.
490 1 _aLa Verdadera Ciencia Española ;
_v44-45. Biblioteca económica
650 4 _aPaises Bajos-
_xHistoria-
_yHasta 1621.
_9136646
700 1 _aColoma, Carlos,
_dca. 1567-1637
_9126547
830 0 3 _aLa verdadera ciencia española: biblioteca económica
_v44-45. Biblioteca económica
_9188044
852 _aES-MaACL
_jF-10506-10507
_z-- Enc. hol.
999 _c155837
_d155837